[Event "Bodenmais Arber Seniors op 10th"]
[Site "Bodenmais"]
[Date "2023.08.05"]
[Round "1"]
[White "Eissmann, Olaf"]
[Black "Wickert, Detlef"]
[Result "1-0"]
[WhiteElo "1715"]
[BlackElo "1963"]
[PlyCount "105"]
[EventDate "2023.08.05"]
[EventType "swiss"]
[EventRounds "9"]
[EventCountry "GER"]
[SourceTitle "EXT 2024"]
[Source "ChessBase"]
[SourceDate "2023.10.10"]
[SourceVersion "1"]
[SourceVersionDate "2023.10.10"]
[SourceQuality "1"]

1. e4 c5 2. Nf3 d6 3. Nc3 Nf6 4. d4 cxd4 5. Nxd4 a6 6. Bc4 e6 7. Bg5 Be7 8. a3 h6 9. Be3 Nc6 10. f4 Bd7 11. Qf3 Rc8 12. Ba2 Qc7 13. 0-0 0-0 14. Rad1 Nxd4 15. Bxd4 e5 16. Be3 Bg4 17. Qg3 Bxd1 18. Rxd1 Nh5 19. Qg4 Nxf4 20. g3 h5 21. Qf3 Ne6 22. Nd5 Qd8 23. Bb6 Qd7 24. Bb3 Nc5 25. Bxc5 Rxc5 26. Qxh5 b5 27. Rf1 a5 28. Nb6 Qe8 29. Nd7 Qxd7 30. Bxf7+ Rxf7 31. Qxf7+ Kh7 32. Rf5 Qxf5 33. Qxf5+ Kh8 34. Qh5+ Kg8 35. Qe8+ Bf8 36. c3 b4 37. axb4 axb4 38. c4 Ra5 39. Qb8 Ra1+ 40. Kg2 Re1 41. Kf3 Rf1+ 42. Ke2 Rh1 43. Qxb4 Rxh2+ 44. Kf3 Rh1 45. Qd2 Rf1+ 46. Kg2 Ra1 47. b4 Kf7 48. c5 dxc5 49. bxc5 Ra7 50. Qd5+ Kf6 51. Qd8+ Kf7 52. c6 Be7 53. c7 1-0

[Event "Bodenmais op"]
[Site "Bodenmais"]
[Date "2022.07.30"]
[Round "1"]
[White "Eissmann, Olaf"]
[Black "Herbold, Manfred"]
[Result "0-1"]
[WhiteElo "1728"]
[BlackElo "2037"]
[PlyCount "74"]
[EventDate "2022.07.30"]
[EventType "swiss"]
[EventRounds "9"]
[EventCountry "GER"]
[SourceTitle "CBM 209 Extra"]
[Source "ChessBase"]
[SourceDate "2022.09.30"]
[SourceVersion "1"]
[SourceVersionDate "2022.09.30"]
[SourceQuality "1"]

1. d4 Nf6 2. c4 e6 3. Nf3 c5 4. e3 Be7 5. Nc3 0-0 6. Bd3 b6 7. 0-0 Bb7 8. Re1 d6 9. e4 cxd4 10. Nxd4 Nbd7 11. Be3 a6 12. Qc2 Rc8 13. Rad1 Qc7 14. Bg5 Ne5 15. Nf3 Nxd3 16. Qxd3 Qxc4 17. Bxf6 Qxd3 18. Rxd3 gxf6 19. a3 b5 20. Nd2 Rc5 21. Ree3 Rg5 22. g3 Rc8 23. Nf3 Rgc5 24. Nd2 Rh5 25. h4 f5 26. exf5 Rxf5 27. Nde4 d5 28. Nd2 d4 29. Rxd4 Bc5 30. Rg4+ Kf8 31. Re2 Bxa3 32. Nde4 Be7 33. Rd2 b4 34. Na4 h5 35. Rd7 Rc1+ 36. Kg2 Bc6 37. Nb6 hxg4 0-1

[Event "Staufer op 32nd"]
[Site "Schwaebisch Gmuend"]
[Date "2020.01.04"]
[Round "5"]
[White "Eissmann, Olaf"]
[Black "Zehring, Mathias"]
[Result "1/2-1/2"]
[WhiteElo "1709"]
[BlackElo "1861"]
[PlyCount "79"]
[EventDate "2020.01.02"]
[EventType "swiss"]
[EventRounds "9"]
[EventCountry "GER"]
[SourceTitle "EXT 2021"]
[Source "ChessBase"]
[SourceDate "2020.10.23"]
[SourceVersion "1"]
[SourceVersionDate "2020.10.23"]
[SourceQuality "1"]

1. d4 Nf6 2. c4 g6 3. Nc3 d5 4. Nf3 Bg7 5. e3 0-0 6. Qb3 dxc4 7. Bxc4 Nc6 8. Be2 b6 9. 0-0 Bb7 10. a4 Na5 11. Qc2 e6 12. b4 Nc6 13. Ba3 Re8 14. Rfd1 Nd5 15. Nxd5 exd5 16. Rac1 Rc8 17. Bb5 Re6 18. Be2 Nb8 19. b5 c6 20. Qb1 Nd7 21. bxc6 Rexc6 22. Bb5 Rxc1 23. Rxc1 Bf8 24. Bxf8 Kxf8 25. Qb4+ Qe7 26. Rxc8+ Bxc8 27. Qxe7+ Kxe7 28. Kf1 f6 29. Ke2 Kd6 30. h4 a6 31. Bd3 f5 32. Ng5 Nf6 33. Nf7+ Ke7 34. Ne5 Ne4 35. a5 b5 36. Bxe4 dxe4 37. Nc6+ Kd6 38. Nb4 Bb7 39. g3 Ke6 40. Kd2 1/2-1/2

[Event "Bad Woerishofen op 30th"]
[Site "Bad Woerishofen"]
[Date "2014.03.21"]
[Round "1"]
[White "Hoeller, Armin"]
[Black "Eissmann, Olaf"]
[Result "1-0"]
[WhiteElo "2063"]
[BlackElo "1738"]
[PlyCount "33"]
[EventDate "2014.03.21"]
[EventType "swiss"]
[EventRounds "9"]
[EventCountry "GER"]
[SourceTitle "CBM 159 Extra"]
[Source "ChessBase"]
[SourceDate "2014.04.24"]
[SourceVersion "1"]
[SourceVersionDate "2014.04.24"]
[SourceQuality "1"]

1. e4 e6 2. d4 d5 3. Nd2 Nf6 4. e5 Nfd7 5. Bd3 c5 6. c3 Nc6 7. Ne2 cxd4 8. cxd4 Bb4 9. 0-0 0-0 10. Nf3 Ne7 11. Ng5 Ng6 12. Nf4 Nxf4 13. Bxh7+ Kh8 14. Bxf4 g6 15. Qb3 Be7 16. Qh3 Bxg5 17. Bxg5 1-0